000 00547nam a22002057a 4500
001 00028827
005 20260420084654.0
008 260420b ag ||||| |||| 00| 0 spa d
020 _a9788441324220
040 _aAR-CcCEOS
_bspa
_cAR-CcCEOS
041 _aspa
080 _a950
090 _bALB
100 1 _aAlbanese, Marilia
_91037
245 _aAngkor :
_bLa morada de los dioses /
_cMarilia Albanese
264 _aBarcelona :
_bFolio,
_cc2008.
300 _a140 p. ;
_c30x24 cm.
490 _vGrandes Civilizaciones
942 _2udc
_cBK
_n0
999 _c28863
_d28863